Królowie strzelców Premier League. - Statystyki

Ogólne statystyki
  • Ten quiz został rozwiązany 260 razy
  • Średni wynik to 13 z 24
Statystyki odpowiedzi
Sezon Piłkarz % Poprawnych
2018, 2019 Mohamed Salah
96%
2020 Jamie Vardy
95%
2016, 2017 Harry Kane
93%
2015 Sergio Agüero
91%
2019 Sadio Mané
88%
2007, 2010 Didier Drogba
81%
2012, 2013 Robin van Persie
78%
2002, 2004, 2005, 2006 Thierry Henry
78%
2008 Cristiano Ronaldo
77%
2014 Luis Suárez
73%
1995, 1996, 1997 Alan Shearer
69%
2019 Pierre-Emerick Aubameyang
68%
1998, 1999 Michael Owen
49%
2011 Carlos Tevez
46%
2003 Ruud van Nistelrooy
46%
2009 Nicolas Anelka
39%
2011 Dimitar Berbatov
34%
1994 Andy Cole
30%
1999 Dwight Yorke
29%
1993 Teddy Sheringham
24%
1999, 2001 Jimmy Floyd Hasselbaink
20%
2000 Kevin Phillips
7%
1998 Chris Sutton
5%
1998 Dion Dublin
4%
Nie znaleziono quizów pasujących do podanych kryteriów
Rozkład punktacji
Procent ludzi z każdym wynikiem
Percentyl według liczby udzielonych odpowiedzi
Twoja historia wyników
Nie rozwiązałeś tego quizu